Loading...
| Science - Other | 0 | 7 | 0 | 1 | 70 | 56 | 84.57 | 0 | 2 | 0.00 | 0.00 |
| Science - Physics | 0 | 6 | 1 | 2 | 55 | 86 | 106.00 | 0 | 1 | 0.00 | 0.00 |
| Philosophy | 0 | 5 | 0 | 2 | 50 | 99 | 113.60 | 0 | 0 | 0.00 | 0.00 |
| History - Other | 0 | 5 | 1 | 1 | 45 | 118 | 126.60 | 0 | 0 | 0.00 | 0.00 |
| Social Science | 0 | 5 | 1 | 0 | 45 | 61 | 83.60 | 0 | 1 | 0.00 | 0.00 |
| Science - Chemistry | 0 | 5 | 1 | 1 | 45 | 65 | 102.20 | 0 | 2 | 0.00 | 0.00 |
| Literature - European | 0 | 4 | 0 | 1 | 40 | 100 | 130.50 | 0 | 0 | 0.00 | 0.00 |
| Fine Arts - Classical Music | 0 | 4 | 0 | 1 | 40 | 78 | 110.50 | 0 | 0 | 0.00 | 0.00 |
| History - World | 0 | 4 | 1 | 1 | 35 | 64 | 104.25 | 0 | 0 | 0.00 | 0.00 |
| Religion | 0 | 3 | 0 | 1 | 30 | 57 | 80.67 | 0 | 1 | 0.00 | 0.00 |
| History - European | 0 | 3 | 1 | 1 | 25 | 68 | 99.00 | 0 | 1 | 0.00 | 0.00 |
| Literature - British | 0 | 3 | 1 | 0 | 25 | 32 | 69.00 | 0 | 1 | 0.00 | 0.00 |
| Literature - American | 0 | 2 | 0 | 0 | 20 | 97 | 106.00 | 0 | 0 | 0.00 | 0.00 |
| Literature - World | 0 | 2 | 0 | 0 | 20 | 121 | 125.00 | 0 | 0 | 0.00 | 0.00 |
| Fine Arts - Other | 0 | 2 | 1 | 0 | 15 | 63 | 86.50 | 1 | 1 | 0.00 | 0.00 |
| Geography | 0 | 1 | 0 | 0 | 10 | 79 | 79.00 | 0 | 0 | 0.00 | 0.00 |
| Fine Arts - Painting and Sculpture | 0 | 1 | 0 | 1 | 10 | 119 | 119.00 | 0 | 0 | 0.00 | 0.00 |
| Current Events | 0 | 1 | 0 | 0 | 10 | 43 | 43.00 | 0 | 0 | 0.00 | 0.00 |
| Popular Culture | 0 | 0 | 0 | 0 | 0 | 0.00 | 0 | 0 | 0.00 | 0.00 | |
| History - American | 0 | 0 | 0 | 0 | 0 | 0.00 | 0 | 0 | 0.00 | 0.00 | |
| Mythology | 0 | 1 | 2 | 0 | 0 | 102 | 102.00 | 0 | 0 | 0.00 | 0.00 |
| Science - Biology | 0 | 1 | 2 | 0 | 0 | 89 | 89.00 | 0 | 0 | 0.00 | 0.00 |